Die Entwicklung der Beziehungen zwischen Peking und P'Yongyang 1949-1967: Analyse und Dokumente. Eine Studie über die Auswirkungen des sowjetisch-chinesischen Konfliktes
Salvato in:
| Autore principale: | |
|---|---|
| Natura: | Libro |
| Lingua: | Undetermined |
| Pubblicazione: |
Wiesbaden
Harrasowitz
1967
|
| Soggetti: | |
| Tags: |
Aggiungi Tag
Nessun Tag, puoi essere il primo ad aggiungerne! !
|
| Thư viện lưu trữ: | Trung tâm Học liệu Trường Đại học Cần Thơ |
|---|
| LEADER | 00641nam a2200205Ia 4500 | ||
|---|---|---|---|
| 001 | CTU_90691 | ||
| 008 | 210402s9999 xx 000 0 und d | ||
| 082 | |a 327.51 | ||
| 082 | |b C545 | ||
| 100 | |a Cho, M. Y. | ||
| 245 | 0 | |a Die Entwicklung der Beziehungen zwischen Peking und P'Yongyang 1949-1967: | |
| 245 | 0 | |b Analyse und Dokumente. Eine Studie über die Auswirkungen des sowjetisch-chinesischen Konfliktes | |
| 245 | 0 | |c M. Y. Cho | |
| 260 | |a Wiesbaden | ||
| 260 | |b Harrasowitz | ||
| 260 | |c 1967 | ||
| 650 | |a foreign relations | ||
| 650 | |z china | ||
| 904 | |i Bằng | ||
| 980 | |a Trung tâm Học liệu Trường Đại học Cần Thơ | ||